000 00584nam a2200193 i 4500
001 142729
003 ES-MaACL
005 20230906200616.0
007 t|
008 071009s1961 sp ||||1| spa d
110 2 _aEspaña.
_tLeyes, etc.
_9184149
245 1 0 _aCompendio de legislación sanitaria /
_cEduardo Vicario Peraita.
260 _aBurgos :
_b[s.n.],
_c1961.
300 _a287 p. ;
_c18 cm.
650 4 _aSalud pública-
_vLegislación-
_zEspaña.
_9161098
700 1 _aVicario Peraita, Eduardo.
_9114310
852 _aES-MaACL
_jC-21748
_bR.49665
999 _c142729
_d142729